| 000 | 00488nam a2200181Ia 4500 | ||
|---|---|---|---|
| 008 | 131103s9999 xx 000 0 und d | ||
| 040 | _aLoreto College | ||
| 041 | _aEnglish | ||
| 082 |
_aF/WOO _bLCLIB/21926 (2 copy) |
||
| 100 | _aWoolf,Virginia | ||
| 245 | 2 |
_aA room of one's own _cVirginia Woolf |
|
| 260 |
_aHarmoundsworth _bPenguin Books _c1973 |
||
| 300 |
_a112 p. _c 18 cm. |
||
| 504 | _aTwelfth Impression | ||
| 650 | _aEnglish Fiction | ||
| 850 | _aLCLIB/F/WOO | ||
| 942 | _cBK | ||
| 999 |
_c5000 _d55479 |
||